| 000 | 00695cam a2200265 4500 | ||
|---|---|---|---|
| 001 | J1106 | ||
| 008 | 090401t1992 xxu||||| |||| 00| 0 eng d | ||
| 035 | _a(Sirsi) u41787 | ||
| 041 | _aeng | ||
| 050 | _a631.1 | ||
| 100 | _aStratton, Richard | ||
| 245 | _aShare farming: the practice with model form of agreement. | ||
| 250 | _a3rd ed. | ||
| 260 |
_aLondon _bCountry Landowners Association _c1992 |
||
| 300 | _a44p. ; 30cm. | ||
| 350 | _a60 | ||
| 650 | _aMODEL AGREEMENT | ||
| 650 | _aSHARE FARMING | ||
| 690 | _aRURAL PRACTICE | ||
| 700 | _aSydenham, Angela | ||
| 700 | _aBaird, Adrian | ||
| 710 |
_aCountry Landowners' Association _92816 |
||
| 942 | _n0 | ||
| 948 | _c04/03/1997 | ||
| 999 |
_c90981 _d90981 |
||